<?xml version="1.0" encoding="UTF-8"?>
<marc:record xmlns:marc="http://www.loc.gov/MARC21/slim">
   <marc:leader>00000nam a2200000 a 4500</marc:leader>
   <marc:datafield ind1="1" ind2=" " tag="100">
      <marc:subfield code="a">Teichert, Mina</marc:subfield>
      <marc:subfield code="4">aut</marc:subfield>
      <marc:subfield code="e">Verfasser/-in</marc:subfield>
   </marc:datafield>
   <marc:datafield ind1="0" ind2="0" tag="245">
      <marc:subfield code="a">Pferdediebe und 'ne Ziege</marc:subfield>
   </marc:datafield>
   <marc:datafield ind1="0" ind2="0" tag="245">
      <marc:subfield code="c">Mina Teichert</marc:subfield>
   </marc:datafield>
   <marc:datafield ind1=" " ind2="1" tag="264">
      <marc:subfield code="a">Stuttgart</marc:subfield>
      <marc:subfield code="b">Planet! in der Thienemann-Esslinger Verlag GmbH</marc:subfield>
      <marc:subfield code="c">2021</marc:subfield>
   </marc:datafield>
   <marc:datafield ind1="1" ind2=" " tag="490">
      <marc:subfield code="a">Einfach Zarah!</marc:subfield>
      <marc:subfield code="v">3</marc:subfield>
   </marc:datafield>
   <marc:datafield ind1="1" ind2=" " tag="520">
      <marc:subfield code="a">Angaben aus der Verlagsmeldung

Einfach Zarah! 3: Pferdediebe und 'ne Ziege / von Mina Teichert

Der Traum aller Pferde-Mädchen: Einmal eine Heldin sein und Ponys retten.

Endlich Ferien! Zarah und Jantje können es kaum erwarten, auf der Weide bei den Ponys zu zelten! Und wenn Jasper nicht ins Zelt äppeln würde, wäre alles perfekt. Doch dann geschieht etwas noch viel Schrecklicheres: Ein Pferdedieb geht um und schlägt ausgerechnet auf dem Reiterhof zu. Zarah und Jantje legen sich sofort auf die Lauer. Sie verkleiden kurzerhand die einhörnige Ziege Fridel als hässlichstes Pony der Welt, um den Dieb zu ködern. Doch wer wird in die Falle tappen? Vielleicht der kurzsichtige Pleitegeier Reinhold, der Rossschlachter Hubert, die plötzlich total reiche Imme oder doch ein kopfloser Reiter ...
</marc:subfield>
   </marc:datafield>
   <marc:datafield ind1=" " ind2=" " tag="020">
      <marc:subfield code="a">9783522506779</marc:subfield>
      <marc:subfield code="9">9783522506779</marc:subfield>
   </marc:datafield>
   <marc:datafield ind1=" " ind2=" " tag="020">
      <marc:subfield code="a">3522506774</marc:subfield>
      <marc:subfield code="9">3522506774</marc:subfield>
   </marc:datafield>
   <marc:datafield ind1=" " ind2=" " tag="041">
      <marc:subfield code="a">ger</marc:subfield>
   </marc:datafield>
   <marc:datafield ind1=" " ind2=" " tag="300">
      <marc:subfield code="a">144 Seiten</marc:subfield>
   </marc:datafield>
</marc:record>
